Power engineers mini hand book (Record no. 17503)
[ view plain ]
| 000 -LEADER | |
|---|---|
| fixed length control field | 00346nam a22001217a 4500 |
| 003 - CONTROL NUMBER IDENTIFIER | |
| control field | OSt |
| 008 - FIXED-LENGTH DATA ELEMENTS--GENERAL INFORMATION | |
| fixed length control field | 220215b ||||| |||| 00| 0 eng d |
| 082 ## - DEWEY DECIMAL CLASSIFICATION NUMBER | |
| Classification number | 621 |
| Item number | POW |
| 245 ## - TITLE STATEMENT | |
| Title | Power engineers mini hand book |
| 260 ## - PUBLICATION, DISTRIBUTION, ETC. (IMPRINT) | |
| Place of publication | K.S.E Board Engineers Association |
| Name of publisher | K.S.E Board Engineers Association |
| Year of publication | 1995 |
| 700 ## - ADDED ENTRY--PERSONAL NAME | |
| Personal name | Krishna Iyer,G H |
| 942 ## - ADDED ENTRY ELEMENTS (KOHA) | |
| Koha item type | Reference |
| Withdrawn status | Lost status | Damaged status | Collection code | Home library | Current library | Shelving location | Date acquired | Cost, normal purchase price | Full call number | Accession Number | Koha item type |
|---|---|---|---|---|---|---|---|---|---|---|---|
| Reference | KAUAET | KAUAET | Reference | 15/02/2022 | 130.00 | 621.3 POW | 26052 | Reference |
